Soft power (Record no. 1100481)

MARC details
000 -LEADER
fixed length control field 00723nam a2200253Ia 4500
003 - CONTROL NUMBER IDENTIFIER
control field OSt
005 - DATE AND TIME OF LATEST TRANSACTION
control field 20221006153447.0
008 - FIXED-LENGTH DATA ELEMENTS--GENERAL INFORMATION
fixed length control field 221006b |||||||| |||| 00| 0 eng d
020 ## - INTERNATIONAL STANDARD BOOK NUMBER
International Standard Book Number 9860052077
037 ## - SOURCE OF ACQUISITION
Terms of availability Textual
040 ## - CATALOGING SOURCE
Original cataloging agency EASL
Transcribing agency EASL
Language of cataloging eng
041 ## - LANGUAGE CODE
Source of code eng
Language code of text/sound track or separate title eng
100 ## - MAIN ENTRY--PERSONAL NAME
Personal name Lu Hsiu-lien Au.
9 (RLIN) 664082
245 #0 - TITLE STATEMENT
Title Soft power
Remainder of title Vision for a new era
260 ## - PUBLICATION, DISTRIBUTION, ETC.
Place of publication, distribution, etc. Taiwan
Name of publisher, distributor, etc. Office of the President ROC
Date of publication, distribution, etc. 2006
300 ## - PHYSICAL DESCRIPTION
Extent 152p.
Dimensions cm.
490 ## - SERIES STATEMENT
Volume/sequential designation CEL
942 ## - ADDED ENTRY ELEMENTS (KOHA)
Classification part V4295y7N44, P6
Koha item type Textual
Source of classification or shelving scheme Colon Classification (CC)
Holdings
Withdrawn status Lost status Source of classification or shelving scheme Damaged status Not for loan Home library Current library Date acquired Source of acquisition Serial Enumeration / chronology Total Checkouts Full call number Barcode Date last seen Price effective from Koha item type
    Colon Classification (CC)     Department of East Asian Studies Library Department of East Asian Studies Library 2022-10-06 Gift, Republic of China CEL   V4295y7N44 P6 EA1393119 2022-10-06 2022-10-06 Textual
Copyright @ Delhi University Library System